00394nam a2200109Ia 4500008004100000245014500041260004900186260000900235300001000244500001400254650001600268170224s9999 xx 000 0 und d a“Decision sidestepping: How the motivation for closure prompts individuals to bypass decision making”: Correction to Otto et al. (2016). bJournal of Personality and Social Psychology c2016 a111:3 aSeptember xPsychology.